| 000 | 01791 a2200409 4500 | ||
|---|---|---|---|
| 001 | 63906 | ||
| 999 |
_c63906 _d16873 |
||
| 003 | TR-AnTOB | ||
| 005 | 20200422121545.0 | ||
| 008 | 071003s2005 enka b 000 0 eng | ||
| 010 | _a2005010537 | ||
| 020 | _a0521781248 (hardback) | ||
| 040 |
_aDLC _cDLC _dDLC |
||
| 041 | _aeng | ||
| 042 | _apcc | ||
| 050 | 0 |
_aTA357.5.T87 _bL47 2005 |
|
| 090 | _aTA357.5.T87 L47 2005 | ||
| 100 |
_aLesieur, Marcel _936871 |
||
| 245 | 0 |
_aLarge-eddy simulations of turbulence / _cMarcel Lesieur, Olivier Mâetais, Pierre Comte. |
|
| 264 | 1 |
_aCambridge ; _aNew York : _bCambridge University Press, _c2005. |
|
| 300 |
_axi, 219 p. : _bill. ; _c26 cm. |
||
| 504 | _aIncludes bibliographical references. | ||
| 650 |
_aEddies _xMathematical models _936874 |
||
| 650 |
_aTürbülans _xMatematiksel modeller _928840 |
||
| 650 |
_aTurbulence _xMathematical models _928838 |
||
| 700 |
_aMâetais, O., _q(Olivier) _936872 |
||
| 700 |
_aComte, P., _q(Pierre) _936873 |
||
| 856 | 4 |
_uhttp://www.loc.gov/catdir/toc/ecip0511/2005010537.html _3Table of contents only |
|
| 857 | 4 |
_uhttp://www.loc.gov/catdir/enhancements/fy0632/2005010537-d.html _3Publisher description |
|
| 858 | 4 |
_uhttp://www.loc.gov/catdir/enhancements/fy0732/2005010537-b.html _3Contributor biographical information |
|
| 901 | _a0020976 | ||
| 902 | _aSA | ||
| 906 |
_a7 _bcbc _corignew _d1 _eecip _f20 _gy-gencatlg |
||
| 925 | 0 |
_aacquire _b2 shelf copies _xpolicy default |
|
| 955 |
_djf04 2005-04-14 to S.L. _ejf04 2005-04-14 to Dewey _fjf03 2005-10-12; _gjf03 2005-10-12 to BCCD |
||
| 942 | _cBK | ||